Top 10 Countries that Produce the Most Corn - Statistics

General Stats
  • This quiz has been taken 1,769 times
  • The average score is 8 of 10
Answer Stats
# Tonnes Country % Correct
361 mil United States
99%
215 mil China
94%
23.2 mil Mexico
93%
79 mil Brazil
91%
23.6 mil India
87%
33 mil Argentina
82%
18 mil France
63%
19 mil Indonesia
59%
28 mil Ukraine
52%
14 mil South Africa
36%
No matching quizzes found
Score Distribution
Percent of People with Each Score
Percentile by Number Answered
Your Score History
You have not taken this quiz